| 000 | 00901nas a2200289 4500 | ||
|---|---|---|---|
| 001 | BR0702412 | ||
| 003 | BR-BrBNA | ||
| 005 | 20231205110755.0 | ||
| 007 | ta | ||
| 008 | 230509b bl.|||p| |||| 00| 00por d | ||
| 040 |
_aBR-BrBNA _bpor _cBiblioteca Nacional de Agricultura |
||
| 041 | _a(Pt) | ||
| 072 | _aH20 | ||
| 100 | 1 | _aMontarroyos, A.V.V. | |
| 100 | 1 | _aCoelho, R.S.B. | |
| 100 | 1 | _aFerraz, G. de M.G. | |
| 100 | 1 | _aSantos, R. dos | |
| 100 | 1 | _aSantos, V.F. dos | |
| 100 | 1 | _aAndrade, P.P. de | |
| 245 | 1 | _aEfeitos de meio de cultura, fontes de carbono e nitrogenio, pH e regime luminosos no crescimento de Mycosphaerella musicola | |
| 650 | _aBANANA | ||
| 650 | _aFUNGO | ||
| 650 | _aCERCOSPORIOSE | ||
| 773 | 0 |
_tSumma Phytopathologica (Brazil) _xISSN 0100-5405 _g(Jan-Mar 2007), v. 33(1) p. 86-89 _wBR0702412 |
|
| 909 |
_a202311 _bLúcia _c55 _dLúcia Elande |
||
| 942 |
_2AGRIS _n0 _cANA |
||
| 999 |
_c188996 _d188996 |
||